| 000 | 00605nam a2200241Ia 4500 | ||
|---|---|---|---|
| 008 | 171025s9999 xx 000 0 und d | ||
| 020 | _a811838226 | ||
| 050 | _a200 | ||
| 050 | _bH791 2003 | ||
| 100 | _aHope, Jane | ||
| 245 | 4 | _aThe secret language of the soul : | |
| 245 | _ba visual key to the spiritual world / | ||
| 245 | _cby Jane Hope. | ||
| 260 | _aGreat Britain : | ||
| 260 | _bChronicle Books, | ||
| 260 | _c2003 | ||
| 300 | _a272 pages : | ||
| 300 | _bsome colored illustrations ; | ||
| 300 | _c17cm. | ||
| 500 | _aIncludes index. | ||
| 650 | _aReligion. | ||
| 700 | _aTitle. | ||
| 999 |
_c344710 _d344710 |
||